000 00576nam a2200181Ia 4500
003 GCL
008 140319s9999 xx 000 0 ara d
040 _aGCL /
_cGCL
082 0 4 _a491.51
_bس ن
100 1 _aالسباعى محمد السباعى
245 1 0 _aالنثر الفارسى (منذ النشأة حتى نهاية العصر الفاجارى) /
_cالسباعى محمد السباعى
300 _a490 ص
490 _a
650 0 4 _aاللغة الفارسية
650 0 4 _aتاريخ ونقد
650 0 4 _aالنثر الفارسى
942 _2ddc
_cBK
999 _c41020
_d41020